000 00948nam a2200205 a 4500
001 000042002
005 20201002035858.0
008 131030s1992 sp ad 000 0 spa d
020 _a8400073177
040 _aDO-SdBNP
_bspa
_cBNPHU
100 1 _aLlano Sánchez, Rafael
_968945
245 0 3 _aLa sociología comprensiva como teoría de la cultura :
_bun análisis de las categorías fundamentales del pensamiento de Max Weber /
_cRafael Llano.
260 _aCórdoba :
_bInstituto de Estudios Sociales Avanzados de Andalucía
_bConsejo Superior de Investigaciones Científicas,
_c1992.
300 _a567p. : ;
_c24 cm.
490 1 _aPoliteya, estudios de economía y sociedad
_v3
504 _aBibliografía : p. 537-567
504 _aIncluye referencias bibliográficas y notas al pie de las páginas
710 2 _aConsejo Superior de Investigaciones Científicas (España)
_915178
830 0 _aPoliteya, estudios de economía y sociedad
_v3
_968946
999 _c41491
_d41491